| 000 | 00336pab a2200133 454500 | ||
|---|---|---|---|
| 008 | 180718b xxu||||| |||| 00| 0 eng d | ||
| 100 | _aMukherjee, Neela | ||
| 245 |
_aIndia's balance of payments _bproblems and prospects |
||
| 300 | _a4-6,11 | ||
| 362 | _a16 May | ||
| 650 | _aBalance of Payments - India | ||
| 773 | _aYojana | ||
| 909 | _a4168 | ||
| 999 |
_c4168 _d4168 |
||